Which way to Nineveh? (Record no. 3443)

000 -LEADER
fixed length control field 00662nam a2200205 a 4500
001 - CONTROL NUMBER
control field :::00001174$&:&@@
003 - CONTROL NUMBER IDENTIFIER
control field OkBaRHE
005 - DATE AND TIME OF LATEST TRANSACTION
control field 20000607103242.0
008 - FIXED-LENGTH DATA ELEMENTS--GENERAL INFORMATION
fixed length control field s1972 j 000 0 eng u
040 ## - CATALOGING SOURCE
Transcribing agency
100 1# - MAIN ENTRY--PERSONAL NAME
Personal name Barrett, Ethel.
245 10 - TITLE STATEMENT
Title Which way to Nineveh?
260 ## - PUBLICATION, DISTRIBUTION, ETC. (IMPRINT)
Place of publication, distribution, etc Glendale, CA., :
Name of publisher, distributor, etc G/L Regal Books
Date of publication, distribution, etc 1972
300 ## - PHYSICAL DESCRIPTION
Extent 135 p. : illus. ;
Dimensions 20 cm.
520 ## - SUMMARY, ETC.
Summary, etc Retells and interprets various tales from the Old Testament.
650 ## - SUBJECT ADDED ENTRY--TOPICAL TERM
Topical term or geographic name as entry element Bible Stories
General subdivision English
650 ## - SUBJECT ADDED ENTRY--TOPICAL TERM
Topical term or geographic name as entry element Bible Stories
General subdivision Old Testament
942 ## - ADDED ENTRY ELEMENTS (KOHA)
Source of classification or shelving scheme
Koha item type Books
Copies
Date last seen Withdrawn status Copy number Damaged status Not for loan Lost status Price effective from Current Location Source of classification or shelving scheme Full call number Shelving location Date acquired Barcode Permanent Location Koha item type
2018-02-22 1   2010-04-14RHEMA Bible Training College BS 551.2 .B33General Stacks2010-04-141174RHEMA Bible Training CollegeBooks